[Event "C.to Regionale Lombardia"]
[Site "Monza ITA"]
[Date "2005.05.14"]
[Round "1"]
[White "Rinaldo, Andrea"]
[Black "Fornari, Sergio"]
[Result "1-0"]
[WhiteElo "1748"]
[BlackElo "1403"]
[PlyCount "105"]
[EventDate "2005.05.14"]

1. d4 d5 2. Nf3 Nf6 3. e3 Bf5 4. c4 e6 5. Nc3 Bb4 6. Bd2 Nbd7 7. Qb3 Bxc3 8.
Bxc3 b6 9. Be2 O-O 10. O-O h6 11. Rac1 Re8 12. a4 a5 13. Qb5 c5 14. Rfd1 Rc8
15. h3 Be4 16. Ne5 Nxe5 17. dxe5 Nh7 18. f3 Bg6 19. cxd5 exd5 20. Bc4 Qg5 21.
Bxd5 Qxe3+ 22. Kh1 Red8 23. Qc4 Kh8 24. Bxf7 Bxf7 25. Qxf7 Rf8 26. Qg6 Qg5 27.
Qxg5 Nxg5 28. Rd6 Rb8 29. Rcd1 Rfe8 30. Rg6 Re6 31. Rd6 Rxg6 32. Rxg6 Kh7 33.
Rd6 Nf7 34. Rd7 Nd8 35. f4 Ne6 36. f5 Nd4 37. Bxd4 cxd4 38. Rxd4 b5 39. e6 Kg8
40. e7 Re8 41. Rd8 Kf7 42. Rxe8 Kxe8 43. axb5 Kxe7 44. Kg1 Kd6 45. Kf2 Kc5 46.
b6 Kxb6 47. Ke3 Kc5 48. g4 Kc4 49. Kd2 Kb3 50. Kc1 a4 51. h4 a3 52. bxa3 Kxa3
53. g5 1-0

[Event "C.to Regionale Lombardia"]
[Site "Monza ITA"]
[Date "2005.05.14"]
[Round "1"]
[White "Salmoiraghi, Angelo"]
[Black "Lamera, Giuseppe"]
[Result "1-0"]
[WhiteElo "1823"]
[BlackElo "1440"]
[PlyCount "63"]
[EventDate "2005.05.14"]

1. e4 d6 2. d4 c6 3. Nc3 Nf6 4. Be3 Qa5 5. f3 Nbd7 6. Bd3 e5 7. Nge2 Be7 8. Qd2
exd4 9. Nxd4 Ne5 10. O-O Nxd3 11. cxd3 h6 12. Nde2 Bd7 13. d4 O-O-O 14. a3 Nh7
15. Nd5 Qxd2 16. Nxe7+ Kb8 17. Bxd2 Rde8 18. Bf4 Kc7 19. e5 dxe5 20. Bxe5+ Kd8
21. Bxg7 Rhg8 22. Nxg8 Rxg8 23. Be5 Be6 24. Nf4 Bc4 25. Rfc1 Be6 26. Nxe6+ fxe6
27. b4 Ng5 28. Kf2 Kd7 29. b5 Rf8 30. h4 Ne4+ 31. Ke3 Ng3 32. Bxg3 1-0

[Event "C.to Regionale Lombardia"]
[Site "Monza ITA"]
[Date "2005.05.14"]
[Round "1"]
[White "Scuderi, David"]
[Black "Viale, Fabio"]
[Result "1-0"]
[WhiteElo "2004"]
[BlackElo "1595"]
[PlyCount "31"]
[EventDate "2005.05.14"]

1. e4 c5 2. c3 Nc6 3. d4 cxd4 4. cxd4 e6 5. d5 Bb4+ 6. Nc3 exd5 7. exd5 Qe7+ 8.
Be2 Ne5 9. Bf4 d6 10. Bxe5 Qxe5 11. Qa4+ Bd7 12. Qxb4 b6 13. Nf3 Qf6 14. Ne4
Qf4 15. Nxd6+ Kd8 16. Qxf4 1-0

[Event "C.to Regionale Lombardia"]
[Site "Monza ITA"]
[Date "2005.05.14"]
[Round "1"]
[White "Secondi, Daniele"]
[Black "Sala, Sergio"]
[Result "0-1"]
[WhiteElo "1440"]
[BlackElo "1811"]
[PlyCount "61"]
[EventDate "2005.05.14"]

1. d4 d5 2. c3 Nf6 3. Bf4 e6 4. e3 c5 5. Nf3 Be7 6. Bd3 O-O 7. O-O Nc6 8. Nbd2
Bd7 9. Re1 Rc8 10. Nb3 c4 11. Bxc4 dxc4 12. Nbd2 b5 13. e4 Nb8 14. g3 Bc6 15.
Rb1 Nbd7 16. b3 Nb6 17. b4 Na4 18. Rc1 Nb2 19. Qc2 Nd3 20. Re2 Nxc1 21. Qxc1 a5
22. a3 Qb6 23. Be3 Qb7 24. Ng5 Nxe4 25. Ngxe4 Bxe4 26. Bf4 Bd3 27. Re3 axb4 28.
axb4 Ra8 29. f3 Ra2 30. Qd1 Rfa8 31. Nb1 0-1

[Event "C.to Regionale Lombardia"]
[Site "Monza ITA"]
[Date "2005.05.14"]
[Round "1"]
[White "Villa, Maurizio"]
[Black "Brunelli, Giovanni"]
[Result "0-1"]
[WhiteElo "1530"]
[BlackElo "1956"]
[PlyCount "93"]
[EventDate "2005.05.14"]

1. d4 d5 2. c4 c6 3. cxd5 cxd5 4. Nc3 Nc6 5. Nf3 Nf6 6. Bf4 a6 7. e3 e6 8. Bd3
Bd6 9. Bxd6 Qxd6 10. O-O O-O 11. a3 e5 12. dxe5 Nxe5 13. Nxe5 Qxe5 14. h3 Ne4
15. Rc1 Nxc3 16. Rxc3 Be6 17. Qf3 b5 18. Rfc1 Rac8 19. Qe2 Rxc3 20. Rxc3 d4 21.
exd4 Qxd4 22. Qe4 Qxe4 23. Bxe4 f5 24. Bb7 a5 25. Re3 Rb8 26. Bc6 Kf7 27. b4
axb4 28. axb4 Rb6 29. Rc3 Ke7 30. Bf3 Bc4 31. Bd1 Kd6 32. f4 Kd5 33. Kf2 Kd4
34. Rc1 Re6 35. Rc2 Re3 36. Rd2+ Rd3 37. Ke2 Kc3 38. Rxd3+ Bxd3+ 39. Ke3 Be4
40. g4 Kxb4 41. gxf5 Bxf5 42. h4 Kc3 43. Bf3 b4 44. Bd5 b3 45. Bxb3 Kxb3 46.
Kd4 h5 47. Ke5 0-1

[Event "C.to Regionale Lombardia"]
[Site "Monza ITA"]
[Date "2005.05.14"]
[Round "1"]
[White "Villalba, Fernando"]
[Black "Bertrecchi, Corrado"]
[Result "1-0"]
[WhiteElo "1773"]
[BlackElo "1425"]
[PlyCount "112"]
[EventDate "2005.05.14"]

1. e4 d6 2. d4 Nf6 3. Nc3 c6 4. Nf3 Qa5 5. Bd3 e5 6. dxe5 dxe5 7. O-O Qc7 8. h3
h6 9. Nh2 Be6 10. f4 Bc5+ 11. Kh1 exf4 12. Bxf4 Bd6 13. Bxd6 Qxd6 14. Nf3 Qg3
15. Ne2 Qc7 16. Nfd4 Qe5 17. Nxe6 Qxe6 18. Nf4 Qe5 19. Qf3 O-O 20. Rae1 g5 21.
Nh5 Nxh5 22. Qxh5 Qe6 23. b3 b5 24. Rf3 Qg6 25. Qg4 h5 26. Qg3 Qg7 27. Rf5 f6
28. Ref1 Nd7 29. h4 gxh4 30. Qxh4 Qg4 31. Rxh5 Qxh4+ 32. Rxh4 Ne5 33. Be2 Kg7
34. Rd1 Rh8 35. Rxh8 Rxh8+ 36. Kg1 Rh4 37. Bd3 Kg6 38. a4 a6 39. axb5 axb5 40.
Rf1 Kg5 41. Rf5+ Kg6 42. Rf1 Rg4 43. Rf2 Kg5 44. Kf1 Rh4 45. Ke2 Rh6 46. Kd2
Ng4 47. Rf5+ Kh4 48. Rf3 Kg5 49. Rg3 Rh4 50. Be2 Kf4 51. Bxg4 Rxg4 52. Rxg4+
Kxg4 53. Ke3 Kg3 54. c4 bxc4 55. bxc4 Kg4 56. Kd4 Kf4 1-0

[Event "C.to Regionale Lombardia"]
[Site "Monza ITA"]
[Date "2005.05.15"]
[Round "2"]
[White "Bertrecchi, Corrado"]
[Black "Azzoni, Silvia"]
[Result "1-0"]
[WhiteElo "1425"]
[BlackElo "1568"]
[PlyCount "56"]
[EventDate "2005.05.14"]

1. d4 d5 2. Bf4 e6 3. e3 Nf6 4. h3 Bb4+ 5. c3 Ba5 6. Nd2 O-O 7. Be2 Nbd7 8. g4
c5 9. g5 Ne4 10. Nxe4 dxe4 11. h4 Qb6 12. Rb1 Qc6 13. h5 cxd4 14. exd4 e3 15.
f3 Bc7 16. Bxe3 Bg3+ 17. Bf2 Bxf2+ 18. Kxf2 Qd5 19. g6 fxg6 20. hxg6 h6 21. Nh3
Nf6 22. Ke3 Qxa2 23. Qg1 Bd7 24. Ng5 Nd5+ 25. Kf2 Nf4 26. Nh7 Rfc8 27. Nf6+ Kh8
28. Rxh6+ gxh6 1-0

[Event "C.to Regionale Lombardia"]
[Site "Monza ITA"]
[Date "2005.05.15"]
[Round "2"]
[White "Bettini, Massimo"]
[Black "Milan, Paolo"]
[Result "0-1"]
[WhiteElo "1896"]
[BlackElo "1883"]
[PlyCount "101"]
[EventDate "2005.05.14"]

1. e4 c5 2. d4 cxd4 3. c3 Nf6 4. e5 Nd5 5. cxd4 e6 6. Nf3 Nc6 7. Bd3 d6 8. O-O
dxe5 9. Nxe5 Nxe5 10. dxe5 g6 11. Qe2 Bg7 12. Rd1 O-O 13. Nd2 Nf4 14. Qe3 Qxd3
15. Qxf4 b6 16. Re1 Bb7 17. Re3 Qd7 18. Rh3 Qd5 19. Qf3 Qxf3 20. Nxf3 Bxf3 21.
Rxf3 Bxe5 22. Rb1 Rfd8 23. Bg5 Rd5 24. h4 Rc8 25. b3 Rc2 26. a4 Kg7 27. Re1 f6
28. Be3 Rc3 29. b4 Rc4 30. a5 Rxb4 31. axb6 axb6 32. g3 b5 33. Rc1 Rc4 34. Rb1
Rc3 35. Kg2 Bd6 36. Bh6+ Kxh6 37. Rxc3 b4 38. Rc6 g5 39. hxg5+ Kxg5 40. Rb6 Rd4
41. Ra1 e5 42. Raa6 Bc5 43. Rxf6 b3 44. Rf7 b2 45. Rg7+ Kf5 46. Rb7 Rb4 47.
Rf7+ Ke4 48. f3+ Ke3 49. Re6 Bd4 50. f4 b1=Q 51. f5 0-1

[Event "C.to Regionale Lombardia"]
[Site "Monza ITA"]
[Date "2005.05.15"]
[Round "2"]
[White "Brunelli, Giovanni"]
[Black "Biava, Pierluigi"]
[Result "1/2-1/2"]
[WhiteElo "1956"]
[BlackElo "1739"]
[PlyCount "62"]
[EventDate "2005.05.14"]

1. e4 c5 2. Nf3 e6 3. d4 cxd4 4. Nxd4 a6 5. Nc3 Bb4 6. Bd2 Nc6 7. Nxc6 bxc6 8.
e5 f5 9. Be2 Qa5 10. a3 Bf8 11. Nb5 Qd8 12. Nd6+ Bxd6 13. exd6 Nf6 14. Bg5 O-O
15. b4 Qb6 16. Be3 Qb8 17. c4 Ne4 18. c5 Nc3 19. Qd2 Nxe2 20. Qxe2 Qb5 21. Qc2
a5 22. Rb1 axb4 23. axb4 Ra4 24. Qd2 Ba6 25. f4 Rb8 26. Kf2 Rxb4 27. Rxb4 Qxb4
28. Qxb4 Rxb4 29. Ra1 Rb2+ 30. Kg3 Bb7 31. Bc1 Rb3+ 1/2-1/2

[Event "C.to Regionale Lombardia"]
[Site "Monza ITA"]
[Date "2005.05.15"]
[Round "2"]
[White "Cattaneo, Dario"]
[Black "D'Apa, Massimo"]
[Result "1-0"]
[WhiteElo "1556"]
[BlackElo "1341"]
[PlyCount "75"]
[EventDate "2005.05.14"]

1. d4 g6 2. Nf3 Bg7 3. c4 d6 4. Nc3 Nf6 5. e4 O-O 6. Be2 Nbd7 7. O-O e5 8. d5
Nc5 9. Qc2 c6 10. b4 Ncd7 11. dxc6 bxc6 12. Be3 Bb7 13. Rad1 Qe7 14. Qd2 Ne8
15. a4 a6 16. a5 Ndf6 17. h3 Rd8 18. Bg5 Nc7 19. Qc2 d5 20. cxd5 cxd5 21. exd5
Ncxd5 22. Nxd5 Bxd5 23. Qc5 Qb7 24. Qb6 Qxb6 25. axb6 h6 26. Be3 e4 27. Ne5
Rfe8 28. Ng4 Nxg4 29. hxg4 Bc6 30. Bxa6 Rb8 31. Rd6 Bb7 32. Bxb7 Rxb7 33. Rfd1
Be5 34. Rd8 Rxd8 35. Rxd8+ Kg7 36. f4 Bf6 37. Rc8 Bc3 38. Rxc3 1-0

[Event "C.to Regionale Lombardia"]
[Site "Monza ITA"]
[Date "2005.05.15"]
[Round "2"]
[White "Corti, Lorenzo"]
[Black "Di Mauro, Valerio"]
[Result "1-0"]
[WhiteElo "1437"]
[BlackElo "1586"]
[PlyCount "85"]
[EventDate "2005.05.14"]

1. e4 c6 2. d4 d5 3. e5 c5 4. c3 Nc6 5. Nf3 Bg4 6. Be2 e6 7. Be3 Nge7 8. Nbd2
cxd4 9. cxd4 Nf5 10. O-O Be7 11. Nb3 O-O 12. Qc2 Rc8 13. Qd2 a5 14. a3 a4 15.
Nc1 Qb6 16. Rd1 Na5 17. Rb1 Bxf3 18. gxf3 Bxa3 19. b3 Bb4 20. Qa2 a3 21. Bd3
Nh4 22. Ne2 Nxf3+ 23. Kh1 Qd8 24. Ng1 Nh4 25. Qe2 Ng6 26. Nf3 Be7 27. Rg1 f5
28. exf6 Bxf6 29. Bxg6 hxg6 30. Rxg6 Kf7 31. Rbg1 Qd6 32. Ne5+ Bxe5 33. dxe5
Qxe5 34. Qf3+ Ke8 35. Qg4 Rf6 36. Rxg7 Qe4+ 37. Qxe4 dxe4 38. Rg8+ Kd7 39.
R1g7+ Kd6 40. Rxc8 a2 41. Bd4 Rxf2 42. Rd8+ Kc6 43. Rc8+ 1-0

[Event "C.to Regionale Lombardia"]
[Site "Monza ITA"]
[Date "2005.05.15"]
[Round "2"]
[White "Crippa, Gabriele"]
[Black "Salmoiraghi, Angelo"]
[Result "1-0"]
[WhiteElo "2099"]
[BlackElo "1823"]
[PlyCount "55"]
[EventDate "2005.05.14"]

1. d4 Nf6 2. Bg5 e6 3. Nf3 Be7 4. Nbd2 d5 5. e3 b6 6. Ne5 Bb7 7. c3 O-O 8. Bd3
Ne4 9. Bxe7 Qxe7 10. Qh5 f6 11. f3 Qe8 12. Qh4 fxe5 13. fxe4 Qg6 14. O-O-O Nd7
15. Bc2 dxe4 16. Nxe4 Qh6 17. Qxh6 gxh6 18. g4 Rf3 19. Rde1 Raf8 20. Rhg1 exd4
21. exd4 e5 22. g5 h5 23. Nf6+ Nxf6 24. gxf6+ Kf7 25. dxe5 Bd5 26. Rg7+ Ke8 27.
Re7+ Kd8 28. Rd1 1-0

[Event "C.to Regionale Lombardia"]
[Site "Monza ITA"]
[Date "2005.05.15"]
[Round "2"]
[White "D'Apa, Matteo"]
[Black "Villalba, Fernando"]
[Result "1-0"]
[WhiteElo "1993"]
[BlackElo "1773"]
[PlyCount "107"]
[EventDate "2005.05.14"]

1. d4 d5 2. c4 dxc4 3. Nf3 Nf6 4. Nc3 e6 5. e3 Nc6 6. Bxc4 Be7 7. O-O O-O 8.
Qe2 h6 9. Rd1 Nd5 10. e4 Nxc3 11. bxc3 Na5 12. Bd3 b6 13. Bf4 Bb7 14. Qe3 g5
15. Bg3 c5 16. e5 c4 17. Bc2 Kg7 18. Nd2 Rh8 19. f4 gxf4 20. Bxf4 Bg5 21. Rf1
Qe7 22. Ne4 Bxf4 23. Qxf4 Bxe4 24. Bxe4 Rag8 25. Rf2 Kf8 26. Raf1 Rg7 27. Qf3
Rhg8 28. Qh5 Rh8 29. Bg6 Qg5 30. Qf3 Qxg6 31. Qa8+ Ke7 32. Qxa7+ Ke8 33. Qb8+
Ke7 34. Qxh8 Nc6 35. Qc8 Nd8 36. Qxc4 h5 37. Qc7+ Ke8 38. Qxb6 h4 39. Qb1 Qg5
40. Qc1 Qg4 41. Qf4 Qh5 42. a4 h3 43. g3 Rg4 44. Qf3 Qg6 45. a5 Rg5 46. a6 Rf5
47. Qd1 Rg5 48. Rf3 Qe4 49. Qe1 Qc2 50. R1f2 Qa4 51. Qf1 Rg7 52. Qxh3 Qxa6 53.
Qh8+ Ke7 54. Qxg7 1-0

[Event "C.to Regionale Lombardia"]
[Site "Monza ITA"]
[Date "2005.05.15"]
[Round "2"]
[White "Fiorili, Roberto"]
[Black "Giuberchio, Cesare"]
[Result "1-0"]
[WhiteElo "1742"]
[BlackElo "1973"]
[PlyCount "79"]
[EventDate "2005.05.14"]

1. d4 Nf6 2. c4 c5 3. d5 b5 4. cxb5 a6 5. bxa6 g6 6. Nc3 Bxa6 7. e4 Bxf1 8.
Kxf1 d6 9. h3 Bg7 10. Qc2 O-O 11. Nf3 Qa5 12. Kg1 Na6 13. a3 c4 14. Rb1 Nc5 15.
Nd4 Rfe8 16. Nc6 Qc7 17. Kh2 e6 18. Bg5 Ncxe4 19. Nxe4 Nxd5 20. Qxc4 f6 21. Bh4
Nb6 22. Qc1 Rac8 23. Nb4 Qb8 24. Qd2 d5+ 25. Bg3 e5 26. Nc3 d4 27. Ne2 f5 28.
f3 f4 29. Bf2 Nc4 30. Qd3 Ne3 31. Rhc1 Nf5 32. Rxc8 Rxc8 33. Rc1 Re8 34. Rc6
Nd6 35. Qa6 Rd8 36. Bh4 Rd7 37. Be7 Rxe7 38. Rxd6 Rc7 39. Rc6 e4 40. Qc4+ 1-0

[Event "C.to Regionale Lombardia"]
[Site "Monza ITA"]
[Date "2005.05.15"]
[Round "2"]
[White "Folcini, Gaddo"]
[Black "Paniga, Danilo"]
[Result "0-1"]
[WhiteElo "1502"]
[BlackElo "1665"]
[PlyCount "66"]
[EventDate "2005.05.14"]

1. d4 Nf6 2. e4 d6 3. Nc3 c6 4. Bc4 Qa5 5. Bd2 e5 6. Nd5 Qd8 7. Nxf6+ Qxf6 8.
Nf3 h6 9. Bc3 exd4 10. Bxd4 Qg6 11. Qd3 b5 12. Bb3 Be7 13. O-O-O Be6 14. Bxe6
fxe6 15. h4 e5 16. h5 Qe6 17. Be3 Qxa2 18. Qc3 b4 19. Qxb4 Nd7 20. Qc3 c5 21.
Kd2 Nf6 22. Qd3 c4 23. Qa3 Nxe4+ 24. Ke2 Qxa3 25. bxa3 Nc3+ 26. Kd2 Nxd1 27.
Kxd1 Bf6 28. Nd2 d5 29. Bc5 Kd7 30. Nb1 Rhb8 31. Bb4 a5 32. Nc3 axb4 33. Nxd5
bxa3 0-1

[Event "C.to Regionale Lombardia"]
[Site "Monza ITA"]
[Date "2005.05.15"]
[Round "2"]
[White "Fornari, Sergio"]
[Black "Villa, Maurizio"]
[Result "0-1"]
[WhiteElo "1403"]
[BlackElo "1530"]
[PlyCount "58"]
[EventDate "2005.05.14"]

1. d4 d5 2. Nf3 Nf6 3. Bg5 e6 4. e3 Be7 5. Bd3 h6 6. Bxf6 Bxf6 7. O-O O-O 8.
Nbd2 b6 9. e4 dxe4 10. Bxe4 c6 11. c3 Qc7 12. Nc4 Nd7 13. Qc2 Rb8 14. Rad1 Bb7
15. Ne3 Rfe8 16. Rfe1 e5 17. dxe5 Nxe5 18. Nxe5 Bxe5 19. Ng4 Bd6 20. Qd3 Rbd8
21. Qf3 Re7 22. Qf5 g6 23. Nxh6+ Kg7 24. Qh3 Bc8 25. Qh4 Rh8 26. Bxg6 Rxh6 27.
Qd4+ Be5 28. Qd8 Bxh2+ 29. Kf1 Ba6+ 0-1

[Event "C.to Regionale Lombardia"]
[Site "Monza ITA"]
[Date "2005.05.15"]
[Round "2"]
[White "Gabetto, Flaviano"]
[Black "Cardani, Roberto"]
[Result "1-0"]
[WhiteElo "2136"]
[BlackElo "1840"]
[PlyCount "57"]
[EventDate "2005.05.14"]

1. e4 c5 2. b4 cxb4 3. d4 d5 4. e5 Nc6 5. a3 Qb6 6. Nf3 Bg4 7. Be3 e6 8. axb4
Bxb4+ 9. c3 Ba5 10. Ra3 Nge7 11. Rb3 Qc7 12. Be2 a6 13. O-O b5 14. Nbd2 O-O 15.
h3 Bh5 16. g4 Bg6 17. Nh4 f5 18. Nxg6 hxg6 19. Nf3 Nd8 20. Ng5 Qd7 21. Qa1 Nec6
22. Ra3 f4 23. Bc1 Qe7 24. h4 Bxc3 25. Qxc3 b4 26. Qd3 Nxd4 27. Qxd4 bxa3 28.
Qd3 a2 29. Ba3 1-0

[Event "C.to Regionale Lombardia"]
[Site "Monza ITA"]
[Date "2005.05.15"]
[Round "2"]
[White "Kokosar, Oliviero"]
[Black "Bergonzoni, Carlo"]
[Result "1-0"]
[WhiteElo "1499"]
[BlackElo "1509"]
[PlyCount "49"]
[EventDate "2005.05.14"]

1. c4 Nf6 2. Nc3 e6 3. g3 d5 4. cxd5 exd5 5. d4 c6 6. Bg2 Be7 7. Nf3 O-O 8. O-O
Nbd7 9. a3 a5 10. Qc2 Re8 11. Re1 Nf8 12. Ne5 g6 13. h3 Bf5 14. Qd2 Ne4 15.
Nxe4 Bxe4 16. f3 Bf5 17. g4 Bd7 18. f4 f5 19. g5 Ne6 20. h4 b6 21. e3 c5 22.
Bxd5 Rc8 23. b3 cxd4 24. exd4 Kf8 25. Nxd7+ 1-0

[Event "C.to Regionale Lombardia"]
[Site "Monza ITA"]
[Date "2005.05.15"]
[Round "2"]
[White "Lamera, Giuseppe"]
[Black "Madaschi, Sergio"]
[Result "0-1"]
[WhiteElo "1440"]
[BlackElo "1604"]
[PlyCount "60"]
[EventDate "2005.05.14"]

1. e4 c5 2. Nf3 Nc6 3. Nc3 g6 4. d4 cxd4 5. Nxd4 Bg7 6. Nxc6 bxc6 7. Bd2 d6 8.
Bc4 Nf6 9. Bb3 O-O 10. Be3 Ba6 11. Qd2 Re8 12. O-O-O Qc7 13. f3 Nd7 14. h4 Nf6
15. g4 h5 16. gxh5 Nxh5 17. Rhg1 Red8 18. Rxg6 d5 19. Rg5 dxe4 20. Qg2 Rxd1+
21. Nxd1 exf3 22. Qxf3 Nf6 23. Qg2 Ne8 24. h5 Qd6 25. Qf2 Qf6 26. Rf5 Qd6 27.
Rxf7 e6 28. h6 Rd8 29. Nc3 Bxc3 30. bxc3 Qa3+ 0-1

[Event "C.to Regionale Lombardia"]
[Site "Monza ITA"]
[Date "2005.05.15"]
[Round "2"]
[White "Lapiccirella, Mattia"]
[Black "Faccio, Fabio"]
[Result "1-0"]
[WhiteElo "2220"]
[BlackElo "1952"]
[PlyCount "52"]
[EventDate "2005.05.14"]

1. d4 Nf6 2. Nf3 e6 3. c4 c5 4. d5 exd5 5. cxd5 d6 6. Nc3 g6 7. Nd2 Nbd7 8. e4
Bg7 9. Be2 O-O 10. O-O Re8 11. f4 a6 12. a4 b6 13. Bf3 Bb7 14. Nc4 Nf8 15. e5
dxe5 16. fxe5 Nxd5 17. Nxd5 b5 18. Nd6 Bxd5 19. Qxd5 Bxe5 20. Qxf7+ Kh8 21.
Nxe8 Qd4+ 22. Kh1 Rxe8 23. Qxe8 Bd6 24. axb5 Qh4 25. g3 Qh3 26. Bf4 Qe6 1-0

[Event "C.to Regionale Lombardia"]
[Site "Monza ITA"]
[Date "2005.05.15"]
[Round "2"]
[White "Mannoni, Luigi"]
[Black "Merlini, Luigi"]
[Result "1/2-1/2"]
[WhiteElo "1637"]
[BlackElo "1456"]
[PlyCount "94"]
[EventDate "2005.05.14"]

1. e4 e5 2. Nf3 Nc6 3. Bb5 a6 4. Ba4 Nf6 5. O-O Be7 6. d3 b5 7. Bb3 O-O 8. Nc3
d6 9. h3 Na5 10. Bd5 c6 11. Bb3 Nxb3 12. axb3 Qc7 13. Ne2 d5 14. exd5 Nxd5 15.
Nc3 Bb7 16. Ne4 h6 17. Bd2 f5 18. Nc3 Bd6 19. Qc1 Nxc3 20. bxc3 Rf6 21. Ne1 c5
22. f4 e4 23. dxe4 fxe4 24. Be3 Raf8 25. g3 Qc8 26. Kh2 Qe6 27. Qd2 Bc8 28. Qg2
Rf5 29. Rd1 h5 30. h4 R5f6 31. Rf2 Be7 32. Rfd2 Rg6 33. Qf1 Qg4 34. Rg2 Qh3+
35. Kg1 Rxg3 36. Rxg3 Qxg3+ 37. Ng2 Bxh4 38. Bf2 Qxf2+ 39. Qxf2 Bxf2+ 40. Kxf2
h4 41. Nxh4 Rxf4+ 42. Kg3 Rg4+ 43. Kf2 Be6 44. Ng2 Bf5 45. Ne3 Rf4+ 46. Kg2 Bh7
47. Rd8+ Kf7 1/2-1/2

[Event "C.to Regionale Lombardia"]
[Site "Monza ITA"]
[Date "2005.05.15"]
[Round "2"]
[White "Marrone, Vincenzo"]
[Black "Damia, Angelo"]
[Result "0-1"]
[WhiteElo "1838"]
[BlackElo "2110"]
[PlyCount "109"]
[EventDate "2005.05.14"]

1. e4 Nf6 2. e5 Nd5 3. d4 d6 4. Nf3 Bg4 5. Be2 dxe5 6. Nxe5 Bxe2 7. Qxe2 Nd7 8.
Bd2 Nxe5 9. Qxe5 Qd6 10. O-O Qxe5 11. dxe5 e6 12. a3 O-O-O 13. Rd1 Nb6 14. Re1
Nc4 15. Bc3 Bc5 16. b3 Nb6 17. Nd2 Rd5 18. a4 Rhd8 19. a5 Nd7 20. Nf3 Be7 21.
Kf1 Nb8 22. Re2 Nc6 23. Be1 Rd1 24. Rxd1 Rxd1 25. a6 b6 26. Re4 Ra1 27. Ke2
Rxa6 28. Bc3 b5 29. Kd3 Nd8 30. Nd4 Rb6 31. Ba5 Rb8 32. b4 Kd7 33. Nb3 Nc6 34.
c3 Nxa5 35. Rd4+ Ke8 36. Nxa5 c5 37. Rg4 cxb4 38. cxb4 Rd8+ 39. Kc3 g6 40. h4
f6 41. h5 Kf7 42. hxg6+ hxg6 43. exf6 Bxf6+ 44. Kc2 g5 45. Re4 Rc8+ 46. Kb1 Rc3
47. Nb7 Be7 48. Rd4 a6 49. Kb2 Rc7 50. Nd6+ Kg6 51. Ne4 Rc6 52. f3 Bf6 53. Nxf6
Kxf6 54. g3 Kf5 55. Kb3 0-1

[Event "C.to Regionale Lombardia"]
[Site "Monza ITA"]
[Date "2005.05.15"]
[Round "2"]
[White "Mazzarelli, Donato"]
[Black "Panaio, Luigi"]
[Result "1-0"]
[WhiteElo "1578"]
[BlackElo "1416"]
[PlyCount "52"]
[EventDate "2005.05.14"]

1. e4 e5 2. Nf3 Nc6 3. Bb5 Nf6 4. O-O Nxe4 5. Bxc6 bxc6 6. d3 Nf6 7. Nxe5 Bd6
8. Re1 O-O 9. Nc3 Re8 10. Nf3 Rxe1+ 11. Qxe1 Bb7 12. Bg5 Bc5 13. Ne4 Qe7 14.
Nxf6+ gxf6 15. Qxe7 Bxe7 16. Re1 Kf8 17. Bh6+ Ke8 18. Bg7 d5 19. Bxf6 Kf8 20.
Bxe7+ Kg8 21. Bf6 c5 22. Ng5 h6 23. Nh3 d4 24. Re7 Kf8 25. Rxc7 Rb8 26. Be5 Re8
1-0

[Event "C.to Regionale Lombardia"]
[Site "Monza ITA"]
[Date "2005.05.15"]
[Round "2"]
[White "Nardone, Massimo"]
[Black "Marchesotti, Giovanni"]
[Result "1-0"]
[WhiteElo "1903"]
[BlackElo "1499"]
[PlyCount "63"]
[EventDate "2005.05.14"]

1. c4 f5 2. Nc3 Nf6 3. d4 g6 4. g3 Bg7 5. Bg2 O-O 6. Nf3 d6 7. O-O e6 8. b4 Nc6
9. b5 Ne7 10. Qb3 a6 11. Bb2 axb5 12. cxb5 Ned5 13. Ng5 c6 14. e4 Nxe4 15.
Ngxe4 fxe4 16. Nxe4 Nf6 17. Nxf6+ Bxf6 18. bxc6 bxc6 19. Bxc6 Ra6 20. Bg2 Qb6
21. Qxb6 Rxb6 22. Bc3 Bb7 23. Rfe1 Bxg2 24. Kxg2 Kf7 25. Kf3 Rc8 26. Re3 Rbc6
27. Bb2 Rc2 28. Rb3 Rd2 29. Rb7+ Kg8 30. Rc1 Rxc1 31. Bxc1 Rxd4 32. Bb2 1-0

[Event "C.to Regionale Lombardia"]
[Site "Monza ITA"]
[Date "2005.05.15"]
[Round "2"]
[White "Pisani, Gennaro"]
[Black "Cammarota, Vittorio"]
[Result "0-1"]
[WhiteElo "1526"]
[BlackElo "1709"]
[PlyCount "60"]
[EventDate "2005.05.14"]

1. e4 c5 2. Nf3 Nc6 3. d4 cxd4 4. Nxd4 Qb6 5. Nxc6 dxc6 6. Nc3 e5 7. Bd3 Nf6 8.
h3 Be6 9. Qe2 Be7 10. a3 a5 11. b3 Rd8 12. O-O O-O 13. Bb2 Nd7 14. Na4 Qc7 15.
Rad1 b5 16. Nc3 Nc5 17. Rd2 Rd7 18. Rfd1 Bg5 19. b4 Bxd2 20. Qxd2 Nxd3 21. cxd3
axb4 22. axb4 Rfd8 23. Qe3 Qd6 24. Ba3 Ra8 25. Ra1 Qxd3 26. Qxd3 Rxd3 27. Nb1
Rd1+ 28. Kh2 f5 29. f3 fxe4 30. fxe4 Bc4 0-1

[Event "C.to Regionale Lombardia"]
[Site "Monza ITA"]
[Date "2005.05.15"]
[Round "2"]
[White "Redaelli, Gianfranco"]
[Black "Secondi, Daniele"]
[Result "1-0"]
[WhiteElo "1622"]
[BlackElo "1440"]
[PlyCount "29"]
[EventDate "2005.05.14"]

1. f4 d5 2. e3 Nf6 3. Nf3 e6 4. b3 Bd6 5. Be2 O-O 6. O-O Nbd7 7. Bb2 Re8 8. Nc3
Ne4 9. Qe1 c6 10. Nxe4 dxe4 11. Ng5 Nc5 12. Qg3 g6 13. Qh3 Kf8 14. Nxh7+ Ke7
15. Bf6+ 1-0

[Event "C.to Regionale Lombardia"]
[Site "Monza ITA"]
[Date "2005.05.15"]
[Round "2"]
[White "Romano, Zeno"]
[Black "Molteni, Costantino"]
[Result "0-1"]
[WhiteElo "1767"]
[BlackElo "1986"]
[PlyCount "106"]
[EventDate "2005.05.14"]

1. e4 Nf6 2. e5 Nd5 3. c4 Nb6 4. d4 d6 5. Nf3 Bg4 6. exd6 exd6 7. Be2 Be7 8. b3
O-O 9. O-O Bf6 10. Bb2 Nc6 11. Nbd2 Re8 12. Re1 a5 13. a3 g6 14. Qc2 Bf5 15.
Bd3 Rxe1+ 16. Rxe1 Bxd3 17. Qxd3 d5 18. c5 Nd7 19. Qb5 Rb8 20. Ne5 Ncxe5 21.
dxe5 c6 22. Qe2 Bg7 23. Bd4 Nf8 24. Nf3 Ne6 25. Qe3 Qe7 26. b4 axb4 27. axb4
Re8 28. Kf1 Ra8 29. Qe2 h6 30. Qb2 Nc7 31. Bc3 Nb5 32. Nd4 Nxd4 33. Bxd4 Qc7
34. g3 Re8 35. e6 fxe6 36. Be5 Bxe5 37. Rxe5 Qf7 38. Qe2 Qf6 39. Kg2 Kf7 40. f4
Re7 41. Re3 h5 42. Re5 h4 43. Qe3 hxg3 44. hxg3 Ke8 45. Qd4 Kf7 46. Qd3 Re8 47.
b5 Rd8 48. bxc6 bxc6 49. Qb1 Qe7 50. Rg5 Rg8 51. Qb4 Qc7 52. Kf3 Rb8 53. Qc3
Qb7 0-1

[Event "C.to Regionale Lombardia"]
[Site "Monza ITA"]
[Date "2005.05.15"]
[Round "2"]
[White "Rossi, Giampiero"]
[Black "Manca, Renato"]
[Result "1-0"]
[WhiteElo "2030"]
[BlackElo "1808"]
[PlyCount "60"]
[EventDate "2005.05.14"]

1. d4 Nf6 2. c4 d6 3. Nc3 g6 4. g3 Bg7 5. Bg2 O-O 6. Nf3 c5 7. O-O cxd4 8. Nxd4
a6 9. b3 Qc7 10. Bb2 Nc6 11. Rc1 Nxd4 12. Qxd4 Ng4 13. Qxg7+ Kxg7 14. Nd5+ Kg8
15. Nxc7 Rb8 16. Nd5 Re8 17. h3 Nh6 18. e4 f5 19. e5 Nf7 20. exd6 Nxd6 21. Be5
Kf7 22. Rfe1 Bd7 23. Nc7 Rec8 24. Bd5+ Kf8 25. Bxd6 exd6 26. Ne6+ Bxe6 27. Rxe6
Rc5 28. Rce1 b5 29. Rxd6 bxc4 30. Bxc4 f4 1-0

[Event "C.to Regionale Lombardia"]
[Site "Monza ITA"]
[Date "2005.05.15"]
[Round "2"]
[White "Sala, Sergio"]
[Black "Perissinotto, Claudio"]
[Result "1-0"]
[WhiteElo "1811"]
[BlackElo "2098"]
[PlyCount "61"]
[EventDate "2005.05.14"]

1. e4 c5 2. Nf3 d6 3. g3 Nc6 4. Bg2 g6 5. c3 Bg7 6. O-O Nf6 7. Qe2 O-O 8. Na3
Rb8 9. Nc2 Nxe4 10. Qxe4 Bf5 11. Qa4 b5 12. Qf4 Bxc2 13. Ne1 Bd1 14. Bxc6 d5
15. Ng2 Bc2 16. a4 a6 17. axb5 axb5 18. Ra7 e5 19. Qe3 Qb6 20. Rxf7 Qxc6 21.
Rxf8+ Rxf8 22. d3 c4 23. dxc4 bxc4 24. Qa7 Be4 25. Ne3 d4 26. Ng4 Qb7 27. Qc5
Qd5 28. Qa7 h5 29. Bh6 Bxh6 30. Nxh6+ Kh8 31. Qe7 1-0